Never pay retail again : shop smart, spend less, and look your best ever (Record no. 20799)

MARC details
000 -LEADER
fixed length control field 00645nam a2200217Ia 4500
008 - FIXED-LENGTH DATA ELEMENTS--GENERAL INFORMATION
fixed length control field 191130s2010##################000#0#eng##
020 ## - INTERNATIONAL STANDARD BOOK NUMBER
International Standard Book Number 9781439167359
022 ## - INTERNATIONAL STANDARD SERIAL NUMBER
International Standard Serial Number 2009046581
040 ## - CATALOGING SOURCE
Original cataloging agency ACL
Transcribing agency ACL
082 ## - DEWEY DECIMAL CLASSIFICATION NUMBER
Classification number 746.920681 LEW
100 ## - MAIN ENTRY--PERSONAL NAME
Personal name Lewellyn, Daisy
245 ## - TITLE STATEMENT
Title Never pay retail again : shop smart, spend less, and look your best ever
Statement of responsibility, etc. Daisy Lewellyn
250 ## - EDITION STATEMENT
Edition statement 1st Gallery Books trade pbk. ed
260 ## - PUBLICATION, DISTRIBUTION, ETC.
Place of publication, distribution, etc. New York
Name of publisher, distributor, etc. Gallery Books
Date of publication, distribution, etc. 2010
300 ## - PHYSICAL DESCRIPTION
Extent 247 p. : ill. ; 18 cm
650 ## - SUBJECT ADDED ENTRY--TOPICAL TERM
Topical term or geographic name entry element Clothing and dress
Topical term or geographic name entry element Shopping
990 ## - EQUIVALENCES OR CROSS-REFERENCES [LOCAL, CANADA]
Link information for 9XX fields 8c752e83ac10000c4e0e3ed16cdcc65d
991 ## -
-- 327873
Holdings
Withdrawn status Lost status Damaged status Not for loan Home library Current library Shelving location Date acquired Total Checkouts Full call number Barcode Date last seen Price effective from Koha item type
        Anna Centenary Library Anna Centenary Library 6TH FLOOR, B WING 09.10.2020   746.920681 LEW 457739 09.10.2020 09.10.2020 English Books

Find us on the map